Digital Cultures : understanding new media (Record no. 150116)

MARC details
000 -LEADER
fixed length control field 00563nam a2200193Ia 4500
008 - FIXED-LENGTH DATA ELEMENTS--GENERAL INFORMATION
fixed length control field 191130s2009##################000#0#eng##
020 ## - INTERNATIONAL STANDARD BOOK NUMBER
ISBN 9780335221974
082 ## - DEWEY DECIMAL CLASSIFICATION NUMBER
Classification number 004 CRE
245 ## - TITLE STATEMENT
Title Digital Cultures : understanding new media
Statement of responsibility, etc edited by Glen Creeber and Royston Martin
260 ## - PUBLICATION, DISTRIBUTION, ETC. (IMPRINT)
Place of publication Maidenhead
Year of publication 2009
300 ## - PHYSICAL DESCRIPTION
Number of Pages xii, 205 p. ; 24 cm
650 ## - SUBJECT ADDED ENTRY--TOPICAL TERM
Topical Term Digital media - Social aspects
700 ## - ADDED ENTRY--PERSONAL NAME
Personal name Creeber, Glen
Personal name Martin, Royston
991 ## -
-- 12834
Holdings
Withdrawn status Lost status Damaged status Not for loan Home library Current library Date acquired Full call number Accession Number Cost, replacement price Price effective from Koha item type
        Anna Centenary Library Anna Centenary Library 12.10.2020 004 CRE 254790 4026.00 12.10.2020 Reference

Find us on the map